000 00876nam a2200277 i 4500
001 81997
003 ES-MaACL
005 20240520144109.0
007 t|
008 041118s2003 sp ||||1| spa d
020 _a84-95078-15-5
080 _a929 Cernuda, Luis
100 1 _aCernuda, Luis,
_d1902-1963
_937529
245 1 0 _aEpistolario
_b: 1924-1963 /
_cLuis Cernuda ; edición de James Valender.
260 _a[Madrid] :
_bPublicaciones de la Residencia de Estudiantes,
_c[2003]
300 _aLXVII, 1273 p. ;
_c22 cm.
490 1 _aEpistolario ;
_v2
504 _aBibliografía: p. 1225-1231.
600 1 4 _aCernuda, Luis,
_d1902-1963-
_xCorrespondencia
_937532
655 0 _9235124
_aCartas
700 1 _aValender, James.
_9112583
830 0 _aEpistolario ;
_v2
_9231560
852 _aES-MaACL
_jL-28482
_bR.134317
942 _2udc
999 _c81997
_d81997